Kursus microsoft powerpoint : 18 - 21 Januari 2016

Bibliographic Details
Corporate Authors: Kursus microsoft powerpoint, INSPEN ( Institut Penilaian Negara )
Format: Book
Language:Malay
Subjects:

MARC

LEADER 00000cam a2200000 7i4500
001 0000027357
005 20170223.0
008 170223 my a may
040 |a INS   |b eng   |c INS   |e rda 
090 0 0 |a AV137 
110 1 |a Kursus microsoft powerpoint ,   |d 2016 18 - 21 Januari   |c INSPEN, Bangi 
245 0 0 |a Kursus microsoft powerpoint :   |b 18 - 21 Januari 2016   |c Anjuran Pusat Pengurusan dan Teknologi Maklumat, INSPEN 
264 0 |a Bangi :   |b Institut Penilaian Negara   |c 2016 
300 |a 1 volume (Various pagings) :   |b illustration ;   |c 30 cm. 
336 |a text  |2 rdacontent 
337 |a unmediated  |2 rdamedia 
338 |a volume  |2 rdacarrier 
650 0 |a Microsoft Powerpoint ( Computer file ) 
710 1 |a INSPEN ( Institut Penilaian Negara ) 
999 |a AV00000330   |b BOOK   |c Course Notes   |e Default branch 
999 |a AV00000331   |b BOOK   |c Course Notes   |e Default branch 
999 |a AV00000357   |b BOOK   |c Course Notes   |e Default branch